Toward a green and low-carbon future (Record no. 587759)

000 -LEADER
fixed length control field 00437nam a22001697a 4500
003 - CONTROL NUMBER IDENTIFIER
control field NUST
005 - DATE AND TIME OF LATEST TRANSACTION
control field 20220203102854.0
020 ## - INTERNATIONAL STANDARD BOOK NUMBER
International Standard Book Number 9787119119441
038 ## - RECORD CONTENT LICENSOR
Staff Name Muhammad Ibrahim
082 ## - DEWEY DECIMAL CLASSIFICATION NUMBER
Classification number 333.7914
Author Mark DAD
100 ## - MAIN ENTRY--PERSONAL NAME
Personal name Zhou, Dadi
9 (RLIN) 88742
245 ## - TITLE STATEMENT
Title Toward a green and low-carbon future
Remainder of title China's energy strategy
Statement of responsibility, etc. Zhou Dadi
260 ## - PUBLICATION, DISTRIBUTION, ETC.
Place of publication, distribution, etc. China
Name of publisher, distributor, etc. Foreign Language Press
Date of publication, distribution, etc. 2019
300 ## - PHYSICAL DESCRIPTION
Extent 377p
563 ## - BINDING INFORMATION
Binding note PB
942 ## - ADDED ENTRY ELEMENTS (KOHA)
Source of classification or shelving scheme
Koha item type Book
Holdings
Withdrawn status Lost status Source of classification or shelving scheme Damaged status Not for loan Permanent Location Current Location Shelving location Date acquired Total Checkouts Full call number Barcode Date last seen Price effective from Koha item type
          Centre for International Peace & Stability (CIPS) Centre for International Peace & Stability (CIPS) General Stacks 02/03/2022   333.7914 DAD 2019 CIPSD0000613 02/03/2022 02/03/2022 Book
© 2023 Central Library, National University of Sciences and Technology. All Rights Reserved.